Loading...
| Current Events | 1 | 20.00 | 100% | 100% | 0% |
| Fine Arts - Classical Music | 8 | 15.00 | 100% | 38% | 13% |
| Fine Arts - Other | 12 | 15.83 | 83% | 58% | 17% |
| Fine Arts - Painting & Sculpture | 8 | 18.75 | 100% | 75% | 13% |
| Geography | 6 | 16.67 | 100% | 50% | 17% |
| History - American | 10 | 17.00 | 90% | 80% | 0% |
| History - European | 9 | 16.67 | 100% | 67% | 0% |
| History - Other | 15 | 18.67 | 100% | 60% | 27% |
| History - World | 9 | 14.44 | 78% | 56% | 11% |
| Literature - American | 11 | 18.18 | 100% | 73% | 9% |
| Literature - British | 11 | 17.27 | 100% | 55% | 18% |
| Literature - European | 12 | 18.33 | 100% | 67% | 17% |
| Literature - World | 12 | 16.67 | 92% | 50% | 25% |
| Mythology | 3 | 16.67 | 67% | 100% | 0% |
| Other Academic | 2 | 15.00 | 100% | 50% | 0% |
| Philosophy | 9 | 17.78 | 89% | 67% | 22% |
| Religion | 11 | 18.18 | 91% | 82% | 9% |
| Science - Biology | 12 | 17.50 | 83% | 58% | 33% |
| Science - Chemistry | 10 | 13.00 | 70% | 50% | 10% |
| Science - Other | 13 | 11.54 | 92% | 15% | 8% |
| Science - Physics | 11 | 16.36 | 91% | 46% | 27% |
| Social Science | 6 | 10.00 | 83% | 17% | 0% |